<?xml version="1.0" encoding="UTF-8"?>
<record
    xmlns:xsi="http://www.w3.org/2001/XMLSchema-instance"
    xsi:schemaLocation="http://www.loc.gov/MARC21/slim http://www.loc.gov/standards/marcxml/schema/MARC21slim.xsd"
    xmlns="http://www.loc.gov/MARC21/slim">

  <leader>00475cam6a220018100 4500</leader>
  <controlfield tag="001">tmp15938709</controlfield>
  <controlfield tag="003">UPRA</controlfield>
  <controlfield tag="005">20190822105815.0</controlfield>
  <controlfield tag="008">951114s1977    xx                  eng u</controlfield>
  <datafield tag="035" ind1=" " ind2=" ">
    <subfield code="a">(Sirsi) r50714</subfield>
  </datafield>
  <datafield tag="035" ind1=" " ind2=" ">
    <subfield code="a">(UPRA)tmp15938709</subfield>
  </datafield>
  <datafield tag="040" ind1=" " ind2=" ">
    <subfield code="c">UPRA</subfield>
  </datafield>
  <datafield tag="100" ind1="1" ind2=" ">
    <subfield code="a">Yamashita, Yasumasa.</subfield>
    <subfield code="6">A8576.1</subfield>
  </datafield>
  <datafield tag="245" ind1="1" ind2="3">
    <subfield code="a">An atlas of representative stellar spectra.</subfield>
  </datafield>
  <datafield tag="260" ind1=" " ind2=" ">
    <subfield code="c">1977.</subfield>
  </datafield>
  <datafield tag="949" ind1=" " ind2=" ">
    <subfield code="a">QB871</subfield>
    <subfield code="w">lcc</subfield>
    <subfield code="i">-64162</subfield>
    <subfield code="m">MAIN</subfield>
    <subfield code="p">1500</subfield>
    <subfield code="t">BOOK</subfield>
    <subfield code="l">ON-SHELF</subfield>
  </datafield>
  <controlfield tag="004">50714</controlfield>
  <datafield tag="999" ind1=" " ind2=" ">
    <subfield code="c">131524</subfield>
    <subfield code="d">131524</subfield>
  </datafield>
</record>
